Statistics for Biggest cities with 8 letters

Click here to take the quiz!

General Stats

  • This quiz has been taken 50 times
    (49 since last reset)
  • The average score is 10 of 15

Answer Stats

CountryPopulationCity% Correct
Brazil12 038 000São Paulo
100%
Turkey14 025 000Istanbul
98%
DR Congo11 825 000Kinshasa
98%
China24 256 000Shanghai
98%
South Africa3 740 000Cape Town
95%
Chile5 743 000Santiago
84%
China8 378 000Shenzhen
70%
China7 274 000Hong Kong
68%
Japan3 726 000Yokohama
68%
Brazil2 902 000Salvador
59%
China3 560 000Hangzhou
52%
China8 106 000Shenyang
41%
China7 044 000Changsha
32%
China8 220 000Dongguan
27%
China8 128 000Quanzhou
16%

Score Distribution

Percentile by Number Answered

Percent of People with Each Score

Your Score History

You have not taken this quiz since the last reset